| 000 | 01279nam a2200337 a 4500 | ||
|---|---|---|---|
| 001 | 24882 | ||
| 003 | CO-ViMGA | ||
| 005 | 20230915232023.0 | ||
| 006 | bimo0001818579 | ||
| 008 | 141112s2004 ck r 000 u spa d | ||
| 016 | _abimoBNE20020768540 SpMaBN | ||
| 017 | _aV 2877 - 2002 Oficina Depósito Legal Valencia | ||
| 020 | _a8497052129 | ||
| 035 | _a(OCoLC)733576138 | ||
| 040 |
_aCO-ViMGA _bspa _cCO-ViMGA |
||
| 080 | _a547(076.5) | ||
| 082 | 0 | 4 | _a547.072 S16p |
| 100 | 1 |
_aSanz Berzosa, Isidora _937207 |
|
| 245 | 1 | 0 |
_aPrácticas de química orgánica [Texto impreso] : _bexperimentación y desarrollo Isidora Sanz Berzosa ... [et al.] |
| 260 | _a[Valencia] Editorial de la UPV [2002] | ||
| 300 | _a89 p. il. 24 cm | ||
| 504 | _aBibliografía : p. 89 | ||
| 594 | _aEn la port. : Departamento de Química, Escuela Universitaria dfe Ingeniería Técnica Agricola, Universidad Politécnica de Valencia | ||
| 650 | 1 | 4 |
_aQuímica orgánica - Manuales de laboratorio - embne _937208 |
| 700 | 1 |
_aSanz Berzosa, I. _937209 |
|
| 926 | _aBNALCALA SG_PETANTI 12/150280 FONDO_MODE 1 | ||
| 927 | _aBNALCALA | ||
| 942 |
_2ddc _cBK |
||
| 956 | _a2 | ||
| 980 | _a017. V 2877 - 2002 020. 84 - 9705 - 212 - 9 852. 40 M - BN BNALCALA MO03895003 12/150280 DG ALCALA | ||
| 999 |
_c32680 _d32680 |
||